MDQL
is popping MORE tags! Check the
thread
!
Quizzes
Events
Quiz Creation
Community
Videos
Private Events
Remove Ads
Sign In
Join for FREE
Feedback
Dark Mode
Quiz Categories
Sports
Geography
Music
Movies
Television
Just For Fun
Miscellaneous
History
Literature
Language
Science
Gaming
Entertainment
Religion
Holiday
For Kids
Quiz Lab
Recent
Popular Today
Quiz Kudos Today
Editor Picks
Curator Picks
Quizzes by...
Day
Popularity
Type
Ratings
Length
Year
Community
Subscriptions
Recent Discussions
Orange Saloon
Badges
Playlists
Quests
Create
Leaderboards
Showdown
Live 5
Trivia Bingo
Activity
Puzzle Library
Sporcle Events
Private Events
Virtual Trivia
Globe League
Become a Host
Pub Owners
SporcleCon
Opinionation
Our Games
Videos
Blog
Mobile Apps
Partnerships
Remove Ads and Go Orange
Feedback
Music
Pop Music
The Beatles
Song
Album
Lyrics
Bands
Singers
Artist
Clip
Rock
Rap
Classical
Billboard
Country Music
Kpop
Taylor Swift
Music
Pop Music
The Beatles
Song
Album
Lyrics
Bands
Singers
Artist
Clip
Rock
Rap
Classical
Billboard
Country Music
Kpop
Taylor Swift
Random Quiz
Search Sporcle
×
Quiz Lab
Quiz Lab
Music
Artist
Type in answers that appear in a list
Type in answers that appear in a list
Classic
Best Score? Go Orange.
Live Aid Performers Stats
Can you name the artists who performed at the Live Aid concerts in London and Philadelphia on 13th July 1985?
By
robriotuk
8m
54 Questions
945 Plays
945 Plays
945 Plays
Comments
Comments
Give Quiz Kudos
Give Quiz Kudos
-
- Ratings
hide this ad
Replay
Link that replays current quiz
Next Quiz
Link to next quiz in quiz playlist
You Got
0%
They Got
Avg Score
54%
Avg Friend Score
Upgrade to see
Score Distribution
Jump to the score distribution portion of the page
Score
0/54
Timer
08:00
0
Plays Today
Location
Performer(s)
% Correct
Wembley Stadium, London
Queen
90.4%
Wembley Stadium, London
Sting and Phil Collins (with Branford Marsalis)
89.2%
Wembley Stadium, London
Elton John (with Kiki Dee and Wham!)
83.7%
Wembley Stadium, London
U2
81.1%
Wembley Stadium, London
The Boomtown Rats
80.4%
Wembley Stadium, London
Paul McCartney
78%
Wembley Stadium, London
David Bowie (with Thomas Dolby)
77.1%
JFK Stadium, Philadelphia
Phil Collins
75.4%
Wembley Stadium, London
Status Quo
70.2%
Wembley Stadium, London
The Who
69.6%
JFK Stadium, Philadelphia
Mick Jagger (with Hall & Oates, Eddie Kendricks, David Ruffin and Tina Turner)
69.4%
JFK Stadium, Philadelphia
Madonna
68.9%
Wembley Stadium, London
Ultra Vox
64%
JFK Stadium, Philadelphia
Duran Duran
63.6%
JFK Stadium, Philadelphia
Led Zeppelin (with Tony Thompson, Paul Martinez and Phil Collins)
62%
JFK Stadium, Philadelphia
Eric Clapton (with Phil Collins)
60.5%
Wembley Stadium, London
Paul Young (with Alison Moyet)
59.7%
JFK Stadium, Philadelphia
Hall & Oates (with G.E. Smith, Eddie Kendricks and David Ruffin)
59.2%
Wembley Stadium, London
Spandau Ballet
59.1%
Wembley Stadium, London
Dire Straits (with Sting)
58%
JFK Stadium, Philadelphia
Crosby, Stills, Nash & Young
56.6%
Wembley Stadium, London
The Style Council
53.7%
Wembley Stadium, London
Adam Ant
51.3%
Wembley Stadium, London
Nik Kershaw
49.9%
JFK Stadium, Philadelphia
Simple Minds
49.7%
JFK Stadium, Philadelphia
Black Sabbath
49.3%
Wembley Stadium, London
Sade
49.2%
Location
Performer(s)
% Correct
JFK Stadium, Philadelphia
Bryan Adams
48.6%
JFK Stadium, Philadelphia
Bob Dylan, Keith Richards and Ronnie Wood
48.4%
JFK Stadium, Philadelphia
The Beach Boys
48.2%
JFK Stadium, Philadelphia
The Cars
48.1%
Wembley Stadium, London
Elvis Costello
47.8%
JFK Stadium, Philadelphia
Neil Young
47.8%
JFK Stadium, Philadelphia
Thompson Twins (with Madonna, Steve Stevens and Nile Rodgers)
47.1%
Wembley Stadium, London
Howard Jones
45.6%
JFK Stadium, Philadelphia
Judas Priest
44.9%
JFK Stadium, Philadelphia
The Pretenders
43.6%
JFK Stadium, Philadelphia
REO Speedwagon
41.9%
JFK Stadium, Philadelphia
Crosby, Stills and Nash
41.8%
Wembley Stadium, London
Bryan Ferry (with David Gilmour)
41.6%
JFK Stadium, Philadelphia
Ashford & Simpson (with Teddy Pendergrass)
41.4%
JFK Stadium, Philadelphia
Run D.M.C
41.2%
JFK Stadium, Philadelphia
Joan Baez
41%
JFK Stadium, Philadelphia
Tom Petty and the Heartbreakers
40.7%
JFK Stadium, Philadelphia
Kenny Loggins
40.1%
JFK Stadium, Philadelphia
The Hooters
40%
JFK Stadium, Philadelphia
George Thorogood and the Destroyers (with Bo Didley and Albert Collins)
39.1%
JFK Stadium, Philadelphia
Patti LaBelle
38.9%
JFK Stadium, Philadelphia
Power Station
38%
JFK Stadium, Philadelphia
Santana and Pat Metheny
37.4%
JFK Stadium, Philadelphia
Billy Ocean
37.2%
JFK Stadium, Philadelphia
The Four Tops
35.7%
JFK Stadium, Philadelphia
Rick Springfield
35.7%
JFK Stadium, Philadelphia
Bernard Watson
31.4%
Quiz Playlist
Details
Report
Send in Message
Add To Playlist
Classic:
Type in answers that appear in a list
Quiz Source
Last Updated: Feb 16, 2017
Quiz Scoreboard
CHALLENGE
Sign Up to Join the Scoreboard
Show All
Scores
Hide
Comments
May contain spoilers
Recently Published
Two Season TV Shows II
by 123Four
Television
10m
Image Sorting: Flags VI
by Barbecue
Geography
2m
Find the 'City' Movie
by crazypaving
Movies
60s
More to Explore
Quiz From the Vault
Featured Blog Post
14 Easter Pick-up Lines to Find Eggs With
hide this ad
You Might Also Like...
Tags
Artist Quiz
1985
Aid
Concert
July
Live
location
London
Performed
Performer
Philadelphia
Today's Top Quizzes in Music
Browse Music
hide this ad
Today's Top Quizzes in Artist
Browse Artist
Top Contributed Quizzes in Music
1
5X2 Blitz: Bands II
2
5X2 Blitz: The Beatles
3
Taylor Swift All Songs (2024)
4
5X2 Blitz: Billboard
5
5X2 Blitz: Billboard II
6
Music Artist by Three 2010s hits
7
5X2 Blitz: Album
8
5X2 Blitz: Rock
9
5X2 Blitz: Singers
10
5X2 Blitz: Lyrics
Explore More
Trending Topics
NBA
Kpop
Crossword
Anime
Harry Potter
Marvel
Disney
Country
Pokémon
The Office
WWE
NFL
Song
Puzzle
Soccer
hide this ad
More By:
robriotuk
Quiz
Plays
Rating
Category
Featured
Created
Line to the British Throne
115,687
4.37
History
Sep 28, 2009
Wrestlers of WWF / WWE Stables / Factions (1997-2002)
10,578
3.12
Sports
Oct 4, 2009
Take That UK Top 40 singles
2,570
4.20
Music
Sep 28, 2009
Wrestlers of the WWF/E Hart Foundation
1,603
3.58
Sports
Sep 29, 2009
WWF/E Talk Show Segments
1,012
4.40
Sports
Oct 4, 2009
Go to Creator's Profile
Score Distribution
Quiz Creator Spotlight
robriotuk
Follow
Send a Message
Quizzes Created
-
Created Quiz Play Count
-
More By This Creator
Popular Quizzes Today
1
Find the US States - No Outlines Minefield
2
Colored Red Africa Blitz
3
Find the 'City' Movie
4
5x2 Blitz: Bands
5
The Countries of the World
6
Find the Countries of Europe - No Outlines Minefield
7
Find the US States
8
US States
More Music Quizzes
Wagner's Ring in Order
Curator's Pick
Trending Quizzes
Colored Red Europe Blitz I
Colored Red Africa Blitz II
Colored Red Europe Blitz II
Colored Red Africa Blitz III
Even More Two Season TV Shows
Recently Updated
March Madness Men's Triple Doubles
pecheneg
How Do You Spell That?
pecheneg
Godzilla Movies
pecheneg
Grab Bag: 4-10 Letters
pecheneg
2024 March Madness Bracket
pecheneg
Famous TV Couples
Peacemaker
Champions League XIs: Real Madrid
pecheneg
Largest US Cities 1790-2010
pecheneg
Rides in Walt Disney World
pecheneg
Most Oscar Losses (Acting)
pecheneg
Trending Topics
Crossword
Marvel
Anime
Harry Potter
NBA
Disney
Kpop
Country
NFL
Soccer
Song
WWE
Puzzle
Pokémon
The Office
Your Account Isn't Verified!
In order to create a playlist on Sporcle, you need to verify the email address you used during registration. Go to your
Sporcle Settings
to finish the process.
Report this User
Report this user for behavior that violates our
Community Guidelines
.
Details:
Send Report
Go to the Sporcle.com Mobile Site →
Comments